Report of the seventh session of the Caribbean development and co-operation

Guardat en:
Dades bibliogràfiques
Autor corporatiu: CEPAL
Format: Text
Publicat: s.l: CEPAL
Etiquetes: Afegir etiqueta
Sense etiquetes, Sigues el primer a etiquetar aquest registre!

MARC

LEADER 00000 a a2200000 04500
001 22286
003
040
090 |a 150900  
110 |a CEPAL  
245 |a Report of the seventh session of the Caribbean development and co-operation  
260 |a s.l:   |b CEPAL  
300 |a 65 p.  
999 |c 2591  |d 2591